| 000 | 00671cam a2200205 a 4500 | ||
|---|---|---|---|
| 020 | _a0521308119 | ||
| 040 | _cDLC | ||
| 082 | 0 | 0 | _a001 ACM 1986 A004 Or. |
| 245 | 0 | 0 |
_aNumerical recipes : _bthe art of scientific computing / |
| 260 |
_aCambridge [Cambridgeshire] ; _aNew York : _bCambridge University Press, _c1986. |
||
| 300 |
_axx, 818 p. : _bill. ; _c24 cm. |
||
| 500 | _aIncludes index. | ||
| 650 | 0 | _aNumerical analysis | |
| 650 | 0 | _aScience | |
| 650 | 0 | _aFORTRAN (Computer program language) | |
| 650 | 0 | _aPascal (Computer program language) | |
| 700 | 1 | _aPress, William H. | |
| 856 | 4 | 2 | _uhttp://www.loc.gov/catdir/description/cam031/85011397.html |
| 942 | _cEK | ||
| 999 |
_c16369 _d16369 |
||